000 00543nam a22002177a 4500
003 UA-OsUOA
001 63746
007 ta
008 20091019b un ||||| |||| 00| 0 ukr d
100 _aВільчинський О.
090 _a82
_bВ55
942 _cSA
040 _aUA-OsUOA
_bukr
_cUA-OsUOA
_dUA-OsUOA
245 _aАнатолій Мойсеєнко: "Поезія не визнає робочого стола"
300 _aС.11
955 _a0
041 _aukr
080 _a82
773 0 _w63745
650 7 _2UDC
999 _c349793
_d349793